5HLuxD.jpg

KING HENRY VIII SENIOR AND PRIMARY SCHOOL LIBRARY OPAC

Wonderscape / (Record no. 5918)

000 -LEADER
fixed length control field 01334nam a22002057a 4500
003 - CONTROL NUMBER IDENTIFIER
control field OSt
005 - DATE AND TIME OF LATEST TRANSACTION
control field 20251128094525.0
008 - FIXED-LENGTH DATA ELEMENTS--GENERAL INFORMATION
fixed length control field 251128b ||||| |||| 00| 0 eng d
020 ## - INTERNATIONAL STANDARD BOOK NUMBER
International Standard Book Number 9781406391725
040 ## - CATALOGING SOURCE
Transcribing agency KH8
082 ## - DEWEY DECIMAL CLASSIFICATION NUMBER
Classification number FIC BEL
100 ## - MAIN ENTRY--PERSONAL NAME
Personal name Bell, Jennifer,
Relator term author.
245 ## - TITLE STATEMENT
Title Wonderscape /
Statement of responsibility, etc. Jennifer Bell.
260 ## - PUBLICATION, DISTRIBUTION, ETC.
Place of publication, distribution, etc. London ;
Name of publisher, distributor, etc. Walker Books Ltd ,
Date of publication, distribution, etc. 2020.
300 ## - PHYSICAL DESCRIPTION
Extent 345 pages :
Dimensions 20 cm.
520 ## - SUMMARY, ETC.
Summary, etc. When Arthur, Ren and Cecily investigate a mysterious explosion on their way to school, they find themselves trapped aboard The Principia a scientific research ship sailing through hazardous waters, captained by one Isaac Newton.Lost in the year 2473 in the Wonderscape, an epic in-reality adventure game, they must call on the help of some unlikely historical heroes, to play their way home before time runs out.Jumanji meets Ready Player One in this fast-paced adventure featuring incredible real-life heroes, from the internationally bestselling author of The Uncommoners series. "A whirlwind of fun and mystery across space and time." Thomas Taylor, author of Malamander Eight-plus readers with a taste for adventure and science will immerse themselves in the Uncommoners author Jennifer Bells exciting new Wonderscape
650 ## - SUBJECT ADDED ENTRY--TOPICAL TERM
Topical term or geographic name entry element Adventure
Form subdivision fiction
650 ## - SUBJECT ADDED ENTRY--TOPICAL TERM
Topical term or geographic name entry element Video game
Form subdivision fiction
942 ## - ADDED ENTRY ELEMENTS (KOHA)
Source of classification or shelving scheme
Koha item type Books - Fiction
Holdings
Withdrawn status Lost status Source of classification or shelving scheme Damaged status Not for loan Collection code Permanent Location Current Location Shelving location Date acquired Full call number Barcode Date last seen Price effective from Koha item type
          Fiction KH8 Senior School Library KH8 Senior School Library Fiction 2025-11-28 FIC BEL 3KHSL000102560 2025-11-28 2025-11-28 Books - Fiction

Powered By KH8 IT Dept